00781 2200253 4500001002100000005001700021008004100038020001800079035002400097090001800121100001600139245008700155250001100242260002900253300002400282500008600306650004700392700002500439850001200464985000600476999001500482999001500497999001500512YOGYA-0209000004738320090227031540.0 ind  a979-7564-92-4 0010-020900000047383 a819.22bHur B aHURY, J.F.X aBanjire wis surutbKumpulan crita cekakcJ.F.X. Hoery; editor, Dhanu Priyo Prabowo aCet. 1 aYogyakartabNarasic2006 avii, 170 hlmc19 cm aSanggar sastra pamarsudi sastra Jawi Bojonegoro (PSJB) bekerja sama dengan Narasi aKesusastraan jawa - Kumpulan Cerita Pendek aPRABOWO, Dhanu Priyo aYOPDYOG a3 a07B0031141 a07B0031142 a07B0031143